| 000 | 00725nam a2200193 u 4500 | ||
|---|---|---|---|
| 001 | 000743432 | ||
| 003 | AM-YeHGA | ||
| 005 | 20250617143433.0 | ||
| 008 | 100616s1969 ru r 000 0 rus d | ||
| 040 | _aAM-YeHGA | ||
| 041 | 1 |
_arus _hger |
|
| 100 | 1 | _aБобровский, Иоганнес | |
| 245 | 1 | 0 |
_aБелендорф и Литовские клавиры : _bРассказы / _cИоганнес Бобровский; Пер. с нем., сост. Г. Ратгауза, Э. Львовой. |
| 260 |
_aМосква : _bМол. гвардия, _c1969. |
||
| 300 |
_a250 с. : _bил. |
||
| 653 | 0 | _aНемецкая литература - 20 в. | |
| 700 | 1 |
_aРатгауз, Г. _eпер. _4trl |
|
| 090 | _c276533 | ||
| 999 |
_c274889 _d274889 |
||